000 00733nam a2200229Ii 4500
003 JO-AjNU
008 230605s9999||||xx |||||||||||||| ||und||
017 _a2004/7/1830
020 _a9957-02-162-1
040 _aJO-AjNU
_bara
_erda
_cJO-AjNU
041 _aara
050 1 4 _aPJ7631.H8796 2004
100 3 _aتأليف الحوراني،ياسر عبد الكريم,
_eauthor
_912880
245 0 0 _aالشعر والتكسب : دراسة إقتصادية
250 _aط1
264 3 1 _aعمان:دار مجدلاوي،2004
300 _a152ص
336 _atext
_btxt
_2rdacontent
337 _aunmediated
_bn
_2rdamedia
338 _avolume
_bnc
_2rdacarrier
650 4 _a الشعر العربي - تاريخ ونقد
_912881
999 _aA3061
_c6629
_d6629